00506nam a2200169Ia 450000500170000000800410001702000150005808200130007310000160008624500550010226000320015730000130018950000180020294200060022095200950022699900150032120241106022553.0240331s9999 xx 000 0 und d a9558285005 bTHWa820 aThwaites, J 0aIt's a sunny day on the moon :b and other stories aColombobNikang Pressc1999 a237 p ., aShort Stories cL 001040708LaWERCLbWERCLcSSCd2024-03-31l0o 820 THWp5994r2024-03-31w2024-03-31yL c4432d4432